000 00343cam a22001097a 4500
008 180718b1953 xxu||||| |||| 00| 0 eng d
082 _aN1300x73 Un3
245 _aDisbursing clerk 3 & 2
_cby Bureau of Naval Personnel
260 _aWashington, D.C.
_bU.S. Government Printing Office
_c1953
300 _a259p.
700 _aBureau of Naval Personnel
999 _c493829
_d493829